Pokémon - Les attaques de Cornèbre - Statistiques

Statistiques générales
  • Ce quiz a été pris 19 fois
  • Le résultat moyen est 9 sur 15
Statistiques - réponses
Niveaux Types Noms des attaques % Correct
Niveau 15 Vol Cru-Aile
90%
Départ Spectre Étonnement
90%
Départ Vol Picpic
90%
Niveau 11 Glace Buée Noire
80%
Niveau 25 Ténèbres Assurance
70%
Niveau 55 Ténèbres Coup Bas
70%
Niveau 35 Ténèbres Feinte
60%
Niveau 45 Ténèbres Tricherie
60%
Niveau 21 Spectre Ombre Nocturne
50%
Niveau 5 Ténèbres Poursuite
50%
Niveau 31 Ténèbres Provoc
50%
Niveau 61 Ténèbres Tourmente
40%
Niveau 50 Vol Vent Arrière
40%
Niveau 65 Ténèbres À la Queue
30%
Niveau 41 Normal Regard Noir
30%
Aucun quiz correspondant
Distribution des résultats
% des personnes avec chaque résultat
Percentile par nombre de réponses
Votre historique - résultats
Vous n’avez pas pris ce quiz